[Event "SVR-ch HT 29th"]
[Site "Koblenz"]
[Date "2006.04.08"]
[Round "1"]
[White "Mross, Winfried"]
[Black "Marx, Christina"]
[Result "1-0"]
[WhiteElo "1752"]
[BlackElo "1404"]
[PlyCount "61"]
[EventDate "2006.04.08"]
[EventType "swiss"]
[EventRounds "7"]
[EventCountry "GER"]
[SourceTitle "EXT 2009"]
[Source "ChessBase"]
[SourceDate "2008.11.26"]
[SourceVersion "1"]
[SourceVersionDate "2008.11.26"]
[SourceQuality "1"]

1. e4 g6 2. Nf3 Bg7 3. d4 e6 4. Bg5 Ne7 5. Be2 b6 6. Nc3 Bb7 7. Qd2 h5 8. 0-0-0 Nbc6 9. d5 exd5 10. exd5 Ne5 11. Nxe5 Bxe5 12. f4 Bxc3 13. Qxc3 Rf8 14. Bf3 d6 15. Rhe1 Kd7 16. Rxe7+ Kc8 17. Qf6 Ba6 18. Re8 Qxe8 19. f5 Kb7 20. g4 hxg4 21. Bxg4 Qe4 22. h3 Bc4 23. Qc3 Bxd5 24. Rxd5 c6 25. Bf3 Qe8 26. Rxd6 Rc8 27. b4 a6 28. a4 b5 29. axb5 axb5 30. Qc5 Ka6 31. Be3 1-0